[Event "38th Olympiad"]
[Site "Dresden GER"]
[Date "2008.11.20"]
[Round "7"]
[White "Capo Vidal,U"]
[Black "Stocek,J"]
[Result "0-1"]
[WhiteElo "2340"]
[BlackElo "2578"]

1.d4 Nf6 2.Bg5 Ne4 3.Bf4 c5 4.f3 Nf6 5.d5 e6 6.Nc3 Nh5 7.Be3 d6 8.Bf2 Be7
9.e4 O-O 10.Nge2 Na6 11.g4 Nf6 12.Ng3 Nc7 13.a4 exd5 14.exd5 Re8 15.Bc4 Bf8+
16.Kf1 Rb8 17.Qd2 Nd7 18.Kg2 a6 19.Nf5 b5 20.Bh4 Nf6 21.axb5 axb5 22.Bd3 Bxf5
23.Bxf5 g6 24.Bd7 Qxd7 25.Bxf6 b4 26.Nd1 Qb5 27.Ne3 Rxe3 28.Qxe3 Nxd5 29.Qg5 Qe2+
30.Kg3 Nxf6 31.Rhe1 Ne4+ 32.fxe4 Qxc2 33.Qd5 Bg7 34.Qxd6 Re8 35.e5 Qb3+ 36.Kh4 Qxb2
37.e6 Qf2+  0-1

[Event "9th Open"]
[Site "Liberec CZE"]
[Date "2008.11.20"]
[Round "7"]
[White "Vavra,P1"]
[Black "Benes,Pe1"]
[Result "1-0"]
[WhiteElo "2299"]
[BlackElo "2156"]

1.d4 Nf6 2.Bg5 Ne4 3.h4 h6 4.Bf4 d5 5.e3 c6 6.f3 Nf6 7.Bd3 Qb6 8.Qc1 g6 9.g4 Bg7
10.c3 Nbd7 11.Nh3 c5 12.Qc2 Nh7 13.Na3 e5 14.dxe5 Nxe5 15.Bb5+ Nc6 16.Qh2 Qd8
17.O-O-O O-O 18.h5 Re8 19.hxg6 fxg6 20.Bxh6 Bf6 21.Nf4 Be5 22.Bg7 Ng5 23.Bxe5 Nxe5
24.Bxe8 Qxe8 25.Nxd5 Kf7 26.Qf4+  1-0

[Event "38th Olympiad w"]
[Site "Dresden GER"]
[Date "2008.11.21"]
[Round "8"]
[White "Mazariegos,S"]
[Black "Smith,O"]
[Result "1-0"]
[WhiteElo "1962"]
[BlackElo "1961"]

1.d4 Nf6 2.Bg5 Ne4 3.Bf4 d5 4.e3 c5 5.c3 Nc6 6.f3 Nf6 7.Bd3 e6 8.Bg3 Nh5
9.Bf2 Qg5 10.g4 cxd4 11.cxd4 e5 12.h4 Bb4+ 13.Kf1 Qh6 14.gxh5 exd4 15.exd4 O-O
16.Nc3 Qxh5 17.Nh3 Bd6 18.f4 Bg4 19.Be2 f5 20.Nxd5 Rae8 21.Nc3 Kh8 22.Qd2 Re7
23.Bb5 a6 24.Bxc6 bxc6 25.Re1 Rxe1+ 26.Kxe1 Re8+ 27.Kf1 Bb4 28.Ng1 Qf7 29.Be3 Qc4+
30.Kf2 Qe6 31.Rh2 Rd8 32.h5 h6 33.Nf3 c5 34.d5 Qg8 35.Ne5 Bxc3 36.Qxc3 Qxd5
37.Qxc5 Qxa2 38.Kg3 Qb3 39.Qb6 Qg8 40.Qxd8  1-0

[Event "38th Olympiad"]
[Site "Dresden GER"]
[Date "2008.11.22"]
[Round "9"]
[White "Cueto,Jo"]
[Black "Larrea,M"]
[Result "1-0"]
[WhiteElo "2320"]
[BlackElo "2267"]

1.d4 Nf6 2.Bg5 Ne4 3.Bf4 c5 4.f3 Qa5+ 5.c3 Nf6 6.d5 Qb6 7.e4 Qxb2 8.Nd2 Qxc3
9.Bc7 Qe3+ 10.Ne2 Na6 11.Nc4 Qh6 12.Bf4 g5 13.Be3 Qh4+ 14.g3 Qh5 15.g4 Qh4+
16.Bf2 Qh6 17.e5 Ng8 18.Ng3 e6 19.d6 f6 20.h4 fxe5 21.Be3 Bg7 22.hxg5 Qg6
23.Bd3 Qf7 24.Rxh7 e4 25.Rxh8 Bxh8 26.Bxe4 Bxa1 27.Qxa1 Nb4 28.Qh8 Kf8 29.Nh5 e5
30.Nxe5 Qxa2 31.Qg7+ Ke8 32.Bg6+  1-0

[Event "38th Olympiad"]
[Site "Dresden GER"]
[Date "2008.11.22"]
[Round "9"]
[White "Hussein,NA"]
[Black "Krylov,Sergey"]
[Result "1-0"]
[WhiteElo "2338"]
[BlackElo "2388"]

1.d4 Nf6 2.Bg5 Ne4 3.Bf4 c5 4.d5 Qb6 5.Nd2 Nxd2 6.Bxd2 Qxb2 7.e4 g5 8.Rb1 Qg7
9.Rb3 d6 10.Bc3 f6 11.h4 g4 12.Ne2 h5 13.Ng3 Nd7 14.Qb1 b6 15.a4 Kf7 16.a5 bxa5
17.Bb5 Nb6 18.Bc6 Rb8 19.O-O Qg6 20.Qa1 Bh6 21.Qxa5 Nc4 22.Qxa7 Rxb3 23.cxb3 Nd2
24.Bxd2 Bxd2 25.Bd7 Qg8 26.Nf5 Bxd7 27.Qxd7 Qd8 28.Qe6+ Kf8 29.Ra1 Rh7 30.Ra7 Ba5
31.Rd7 Qe8 32.Nxd6 Qb8 33.Nf5  1-0

[Event "38th Olympiad w"]
[Site "Dresden GER"]
[Date "2008.11.23"]
[Round "10"]
[White "Hansen,Ev"]
[Black "Fuchs,Ju"]
[Result "0-1"]
[WhiteElo "2169"]
[BlackElo "2238"]

1.d4 Nf6 2.Bg5 Ne4 3.Bf4 c5 4.f3 Qa5+ 5.c3 Nf6 6.d5 Qb6 7.Bc1 e6 8.e4 exd5
9.exd5 Be7 10.c4 O-O 11.Bd3 d6 12.Nc3 Nbd7 13.Nge2 Ne5 14.O-O Re8 15.b3 Nxd3
16.Qxd3 Nd7 17.Bf4 Bf6 18.Rae1 Ne5 19.Qc2 Qd8 20.Ng3 a6 21.a4 Ng6 22.Bd2 Be5
23.f4 Bd4+ 24.Kh1 Bd7 25.Nce4 Qc7 26.Qd1 f5 27.Ng5 Nf8 28.Nf3 b5 29.Qc2 bxc4
30.bxc4 g6 31.Nxd4 cxd4 32.Qd3 Qc5 33.a5 Rac8 34.Rc1 Rb8 35.Ne2 Re4 36.Ng3 Ree8
37.Rb1 Ba4 38.Ne2 Rxb1 39.Rxb1 Bc2 40.Qxc2 Rxe2 41.Qd3 Re8 42.h3 Rc8 43.Rc1 Re8
44.g4 fxg4 45.hxg4 Qc8 46.f5 Qd8 47.g5 gxf5 48.Qxd4 Re4 49.Qf2 Qe8 50.Qf3 Rg4
51.Bf4 Qh5+ 52.Bh2 Rg1+  0-1

[Event "38th Olympiad"]
[Site "Dresden GER"]
[Date "2008.11.25"]
[Round "11"]
[White "Hernandez Basante,F"]
[Black "Babula,V"]
[Result "1/2-1/2"]
[WhiteElo "2247"]
[BlackElo "2608"]

1.d4 Nf6 2.Bg5 Ne4 3.Bf4 c5 4.f3 Nf6 5.d5 e6 6.c4 exd5 7.cxd5 Nh5 8.Be3 d6
9.g3 Be7 10.Nh3 O-O 11.Bg2 Re8 12.Bd2 b5 13.O-O Bf6 14.Bc3 Nd7 15.e4 b4 16.Bxf6 Nhxf6
17.Nd2 Ba6 18.Re1 c4 19.Bf1 Rc8 20.Kg2 Qb6 21.Rc1 c3 22.bxc3 bxc3 23.Nb1 c2
24.Rxc2 Rxc2+ 25.Qxc2 Nxd5 26.Bxa6 Qxa6 27.Qd2 N5f6 28.Nf4 Ne5 29.Qe2 Qc6
30.Nd2 Rb8 31.Nb3 g5 32.Nd3 Re8 33.Nxe5 Rxe5 34.Rc1 Qb7 35.Qc4 Kg7 36.Qc6 Qb4
37.Qc4 Qb6 38.Qd4 Qa6 39.Qb2 g4 40.fxg4 Qb7 41.h3 Nxe4 42.Kh2 Ng5 43.h4 Nf3+
44.Kh3 Qe4 45.Qf2 Qd3 46.Rf1 Re3 47.Nc1 Qe4 48.Ne2 f5 49.Nf4 fxg4+ 50.Kxg4 Kh6
51.Rd1 Ne5+ 52.Kh3 Qf5+ 53.Kg2 Qe4+ 54.Kh3 Qf5+ 55.Kg2 Qe4+ 56.Kh3 Qf5+ 57.Kg2  1/2-1/2

[Event "38th Olympiad"]
[Site "Dresden GER"]
[Date "2008.11.25"]
[Round "11"]
[White "Mehmeti,D"]
[Black "Dias,P"]
[Result "1/2-1/2"]
[WhiteElo "2403"]
[BlackElo "2406"]

1.d4 Nf6 2.Bg5 Ne4 3.Bf4 c5 4.f3 Qa5+ 5.c3 Nf6 6.Nd2 cxd4 7.Nb3 Qb6 8.Qxd4 Nc6
9.Qxb6 axb6 10.e4 d5 11.exd5 Nxd5 12.Bd2 e5 13.Bd3 Be6 14.Bc2 b5 15.a3 Be7
16.Ne2 f5 17.Rd1 g5 18.O-O O-O-O 19.Rfe1 Nf4 20.Bxf4 Rxd1 21.Rxd1 gxf4 22.Nec1 Rd8
23.Rxd8+ Kxd8 24.Bd3 Na7 25.Kf2 Kd7 26.Nd2 Kc6 27.Ke2 Nc8 28.Ncb3 Nd6 29.Na1 Kd5
30.Bb1 Nc4 31.Nxc4 bxc4 32.Nc2 e4 33.Nd4 Bd7 34.Ba2 Bc5 35.Nc2 Bg1 36.h3 Ba4
37.Nb4+ Kc5 38.Bb1 Be3 39.fxe4 fxe4 40.Bxe4 Bc1 41.Bxh7 Bxb2 42.Kd2 Bxa3
43.Be4 Bxb4 44.cxb4+ Kxb4 45.Bxb7 c3+ 46.Kc1 Kc4  1/2-1/2

[Event "38th Olympiad w"]
[Site "Dresden GER"]
[Date "2008.11.25"]
[Round "11"]
[White "Richtrova,E"]
[Black "Llaneza Vega,P"]
[Result "0-1"]
[WhiteElo "2270"]
[BlackElo "2246"]

1.d4 Nf6 2.Bg5 Ne4 3.Bf4 c5 4.d5 Qb6 5.Qc1 g6 6.c3 Nf6 7.c4 Bg7 8.Nc3 O-O
9.e4 d6 10.Be2 e6 11.Nf3 a6 12.O-O exd5 13.cxd5 Bg4 14.h3 Bxf3 15.Bxf3 Re8
16.a4 Nbd7 17.a5 Qc7 18.Qc2 Ne5 19.Be2 h6 20.Bg3 b5 21.axb6 Qxb6 22.f4 Ned7
23.Bf3 Rab8 24.Rf2 Nh7 25.Qa4 Rb7 26.Kh2 Bd4 27.Re2 g5 28.Qxa6 gxf4 29.Bxf4 Be5
30.g3 Ng5 31.Bg2 Reb8 32.h4 Qxa6 33.Rxa6 Nh7 34.Bxe5 Nxe5 35.Rxd6 Rxb2 36.Rd8+ Kg7
37.Rxb8 Rxb8 38.Bh3 Rb3 39.Nd1 Nf6 40.Kg2 c4 41.Bc8 Kf8 42.d6 Rd3 43.Ne3 Rxd6
44.Bb7 Rb6 45.Bd5 c3 46.Nc2 Rb2 47.h5 Nd3 48.Kf3 Rxc2 49.Rxc2 Ne1+ 50.Ke3 Nxc2+
51.Kd3 Nb4+ 52.Kxc3 Nbxd5+ 53.Kd4  0-1

[Event "21st Belgrade Trophy"]
[Site "Obrenovac SRB"]
[Date "2008.11.28"]
[Round "2"]
[White "Stavrianakis,I"]
[Black "Markovic,Miros1"]
[Result "0-1"]
[WhiteElo "2192"]
[BlackElo "2442"]

1.d4 Nf6 2.Bg5 Ne4 3.Bf4 c5 4.f3 Nf6 5.dxc5 Qa5+ 6.Qd2 Qxc5 7.e4 Nc6 8.Nc3 d6
9.Be3 Qa5 10.Bc4 a6 11.Nd5 Qxd2+ 12.Kxd2 Nxd5 13.Bxd5 e6 14.Bb3 Be7 15.Rd1 O-O
16.Ne2 b5 17.Nd4 Na5 18.Ke2 Bd7 19.Rd2 Rfc8 20.Rhd1 g6 21.Kf2 Nb7 22.c3 a5
23.a3 Nc5 24.Bc2 e5 25.Nb3 Be6 26.Nxc5 dxc5 27.Bd3 Rab8 28.f4 exf4 29.Bxf4 Rb6
30.Be2 b4 31.cxb4 axb4 32.Be3 bxa3 33.bxa3 Rb3 34.a4 c4 35.Bd4 Ra3 36.Ra1 Rxa1
37.Bxa1 c3 38.Rc2 Bb4  0-1

[Event "21st Belgrade Trophy"]
[Site "Obrenovac SRB"]
[Date "2008.11.28"]
[Round "2"]
[White "Popchev,M"]
[Black "Kasparova,T"]
[Result "1/2-1/2"]
[WhiteElo "2426"]
[BlackElo "2185"]

1.d4 Nf6 2.Bg5 Ne4 3.Bh4 d5 4.e3 c5 5.c3 Qb6 6.Qb3 Qxb3 7.axb3 cxd4 8.exd4 e6
9.f3 Nd6 10.Bd3 Bd7 11.Kd2 Nc6 12.f4 Be7 13.Bxe7 Nxe7 14.Nf3 O-O 15.g3  1/2-1/2

[Event "21st Belgrade Trophy"]
[Site "Obrenovac SRB"]
[Date "2008.11.30"]
[Round "4"]
[White "Stavrianakis,I"]
[Black "Petrovic,Mil"]
[Result "1-0"]
[WhiteElo "2192"]
[BlackElo "1963"]

1.d4 Nf6 2.Bg5 Ne4 3.Bf4 c5 4.f3 Nf6 5.d5 Qa5+ 6.c3 d6 7.e4 Nh5 8.Be3 e5
9.dxe6 Bxe6 10.Nd2 Nf6 11.Bd3 Nc6 12.Ne2 d5 13.Nf4 c4 14.Bc2 Bc5 15.b4 cxb3
16.Nxb3 Qxc3+ 17.Bd2 Qxa1 18.Qxa1 Bb6 19.Nxe6 fxe6 20.e5 Nd7 21.f4 O-O-O
22.Bd3 Kb8 23.h4 Rc8 24.Ke2 g6 25.Rc1 Rhf8 26.g3 Rf7 27.Bb5 h6 28.Bxc6 bxc6
29.a4 c5 30.a5 Bd8 31.Qb1 Ka8 32.Qxg6 Re7 33.Bb4 Nf8 34.Qxh6 Rb7 35.Nxc5 Rxb4
36.Qxf8 Rcb8 37.Na6 Rb2+ 38.Kf3 R2b3+ 39.Kg4 Rxg3+ 40.Kh5 Rh3 41.Nxb8 Rxh4+
42.Kg6 Rg4+ 43.Kh7 Rh4+ 44.Kg8 Rg4+ 45.Qg7 Rxg7+ 46.Kxg7 Kxb8  1-0

[Event "Mediterranean Open"]
[Site "Rijeka CRO"]
[Date "2008.11.30"]
[Round "2"]
[White "Drazic,S"]
[Black "Martic,Z"]
[Result "1-0"]
[WhiteElo "2528"]
[BlackElo "2319"]

1.d4 Nf6 2.Bg5 Ne4 3.Bf4 g5 4.Be5 f6 5.e3 Bg7 6.Qh5+ Kf8 7.Bg3 c5 8.dxc5 Qa5+
9.c3 Qxc5 10.Qd1 Nc6 11.Nd2 d5 12.Nb3 Qb6 13.Qxd5 f5 14.O-O-O h5 15.Bc4 e6
16.Qd3 h4 17.Bd6+ Kf7 18.Nh3 g4 19.Ng5+ Nxg5 20.Qxf5+ Bf6 21.Qxg4 Kg7 22.Bd3 a5
23.Bc5 Qc7 24.f4 a4 25.Nd4 Nxd4 26.fxg5 Nb3+ 27.axb3 Bxc3 28.bxc3 Qxc5 29.Qd4+ Qxd4
30.cxd4 axb3 31.Bb1 Rh5 32.g6 Rg5 33.Rd2 Ra1 34.Kb2 Rga5 35.Rc1 Ra8 36.Rc7+ Kg8
37.Rxc8+  1-0

[Event "Mediterranean Open"]
[Site "Rijeka CRO"]
[Date "2008.12.01"]
[Round "4"]
[White "Cebalo,M"]
[Black "Lujan,C"]
[Result "1-0"]
[WhiteElo "2493"]
[BlackElo "2366"]

1.d4 Nf6 2.Bg5 Ne4 3.Bf4 d5 4.e3 g6 5.Bd3 Bg7 6.Bxe4 dxe4 7.Nc3 c5 8.Nge2 cxd4
9.exd4 f5 10.Qd2 h6 11.h4 Bd7 12.O-O-O Nc6 13.f3 exf3 14.gxf3 Qa5 15.Qe3 Rc8
16.d5 Nb4 17.Be5 O-O 18.a3 Bxe5 19.Qxe5 Na6 20.Rhg1 Rf6 21.Qxe7 Qd8 22.d6 Qxe7
23.dxe7 Be8 24.Rd8 Rfc6 25.Nd4 Rc5 26.Nxf5  1-0

[Event "58th ch-GRE"]
[Site "Rhodes GRE"]
[Date "2008.12.04"]
[Round "5"]
[White "Dagkakis,P"]
[Black "Kotronias,V"]
[Result "0-1"]
[WhiteElo "2272"]
[BlackElo "2587"]

1.d4 Nf6 2.Bg5 Ne4 3.Bf4 c5 4.d5 Qb6 5.Bc1 e6 6.f3 Nf6 7.e4 exd5 8.exd5 d6
9.c4 g6 10.Qe2+ Kd8 11.Qc2 Bg7 12.Nc3 Re8+ 13.Kf2 Na6 14.a3 Bf5 15.Qd1 h5
16.Nge2 Rc8 17.Nb5 Nc7 18.Nbc3 Qa6 19.Qb3 b5 20.cxb5 Qb6 21.Qc4 Nd7 22.Be3 Rxe3
23.Kxe3 Ne5 24.Qh4+ Kd7 25.Ng3 c4+ 26.Ke2 Nxb5 27.Nxf5 Nxc3+ 28.bxc3 Qb2+
29.Ke3 gxf5 30.Qxh5 Qxc3+ 31.Kf2 Ng4+  0-1

[Event "TCh-SLO"]
[Site "Murska Sobota SLO"]
[Date "2008.12.09"]
[Round "4"]
[White "Miladinovic,I"]
[Black "Volokitin,And"]
[Result "0-1"]
[WhiteElo "2572"]
[BlackElo "2659"]

1.d4 Nf6 2.Bg5 Ne4 3.Bf4 c5 4.f3 Qa5+ 5.c3 Nf6 6.d5 Qb6 7.e4 Qxb2 8.Nd2 Qxc3
9.Bc7 d6 10.Rb1 Nfd7 11.Bb5 g6 12.Ne2 Qf6 13.f4 Bg7 14.e5 Qh4+ 15.g3 Qh5
16.Ne4 O-O 17.exd6 exd6 18.Nxd6 Nf6 19.Nxc8 Rxc8 20.d6 a6 21.Bd3 Re8 22.O-O Ng4
23.h4 c4 24.f5 cxd3 25.Qxd3 Nd7 26.Rb4 Nge5 27.Qc2 Nc6 28.Re4 Nf6 29.Rxe8+ Rxe8
30.Rf2 Qg4  0-1

[Event "TCh-SLO"]
[Site "Murska Sobota SLO"]
[Date "2008.12.12"]
[Round "7"]
[White "Mitrovic,B"]
[Black "Muzychuk,A"]
[Result "0-1"]
[WhiteElo "2146"]
[BlackElo "2508"]

1.d4 Nf6 2.Bg5 Ne4 3.Bf4 c5 4.f3 Nf6 5.dxc5 Qa5+ 6.Nc3 Qxc5 7.Qd2 d6 8.e4 Be6
9.Nb5 a6 10.Be3 Qc6 11.Nd4 g6 12.g4 Qd7 13.Nxe6 Qxe6 14.Ne2 Bg7 15.Nd4 Qd7
16.h4 Nc6 17.h5 Rg8 18.O-O-O Qc7 19.hxg6 hxg6 20.Kb1 Nd7 21.Nxc6 Qxc6 22.Bd4 Bxd4
23.Qxd4 Qc5 24.Qxc5 Nxc5 25.Bc4 Rd8 26.e5 b5 27.Bd5 e6 28.Bc6+ Ke7 29.b4 Na4
30.exd6+ Rxd6 31.Rxd6 Kxd6 32.Bb7 Rb8 33.Bxa6 Rb6 34.Bxb5 Rxb5 35.a3 Re5
36.Rh7 f5 37.Ra7 Nc3+ 38.Kb2 Re3 39.gxf5 gxf5 40.f4 Kc6 41.a4 Kb6 42.Ra5 Nd5
43.Rb5+ Kc6 44.c4 Nb6 45.Kc2 Nxa4 46.Ra5 Nb6  0-1

[Event "Bundesliga 2008-9"]
[Site "Katernberg GER"]
[Date "2008.12.13"]
[Round "8"]
[White "Schneider,Il"]
[Black "Chuchelov,V"]
[Result "1/2-1/2"]
[WhiteElo "2486"]
[BlackElo "2575"]

1.d4 Nf6 2.Bg5 Ne4 3.Bf4 d5 4.e3 c5 5.Bd3 Nf6 6.dxc5 Nc6 7.Bb5 Bd7 8.Nc3 e6
9.Bd6 Bxd6 10.cxd6 O-O 11.Nf3 Qb6 12.O-O Rfd8 13.Rb1 Rac8 14.Qe2 h6 15.Rfd1 Na5
16.Bd3 Ne8 17.e4 d4 18.Nb5 Bxb5 19.Bxb5 Nxd6 20.Bd3 Nc6 21.e5 Nf5 22.Bxf5 exf5
23.e6 Qc5 24.exf7+ Kxf7 25.b4 Qe7 26.Qd3 Qe4 27.Qb3+ Qe6 28.b5 Qxb3 29.axb3 Nb4
30.Nxd4 Nxc2 31.Nxf5 Na3 32.Ra1 Nxb5 33.g4 Kf6 34.Kg2 h5 35.h3 hxg4 36.hxg4 a6
37.Rac1 g6 38.Rxc8 Rxc8 39.Nd6 Nxd6 40.Rxd6+ Kg5 41.Rb6 Kxg4 42.Rxb7  1/2-1/2

[Event "4th Open"]
[Site "Assisi ITA"]
[Date "2008.12.18"]
[Round "1"]
[White "Meijers,V"]
[Black "De Filomeno,S"]
[Result "1-0"]
[WhiteElo "2514"]
[BlackElo "2147"]

1.d4 Nf6 2.Bg5 Ne4 3.Bf4 c5 4.f3 Qa5+ 5.c3 Nf6 6.Nd2 cxd4 7.Nb3 Qf5 8.Qxd4 Nc6
9.Qd2 e5 10.Be3 d5 11.f4 Qe6 12.O-O-O d4 13.cxd4 Nb4 14.dxe5 Nfd5 15.Bd4 Nxa2+
16.Kb1 Bb4 17.Qc2 Bd7 18.e4 Nb6 19.Kxa2 Ba4 20.Ne2 Rc8 21.Bc3 Nc4 22.Ned4 Qa6
23.Bxb4 Bxb3+ 24.Kxb3 b5 25.Nxb5 Na5+ 26.Bxa5  1-0

[Event "15th Croatian Open A"]
[Site "Zadar CRO"]
[Date "2008.12.18"]
[Round "7"]
[White "Martinovic,Sa"]
[Black "Saric,A"]
[Result "1/2-1/2"]
[WhiteElo "2416"]
[BlackElo "2505"]

1.d4 Nf6 2.Bg5 Ne4 3.Bf4 d5 4.e3 c5 5.Bd3 Nf6 6.dxc5 Nc6 7.Nf3 e6 8.O-O Bxc5
9.Nbd2 Qb6 10.Rb1 Nb4 11.Be2 Be7 12.c4 a5 13.cxd5 exd5 14.Nd4 O-O 15.a3 Na6
16.N2f3 Nc5 17.Nb5 Ne6 18.Be5 Bd7 19.Nfd4 Nxd4 20.Bxd4 Bc5 21.Bxf6 Bxb5 22.Bxb5 Qxb5
23.Qg4 g6 24.Qg5 Qa6 25.Rfd1 h6 26.Qh4 Qe6 27.Rxd5 Be7 28.Bxe7 Qxd5 29.Bxf8 Rxf8
30.Qa4 Rd8 31.Qc2 Qd2 32.Qxd2 Rxd2 33.a4 b5 34.axb5 Rd5 35.Kf1 Rxb5 36.Ke2 a4
37.Kd3 a3 38.Kc3 axb2 39.Rxb2 Ra5 40.Kd3 h5 41.Ke2 Kg7 42.Rd2 Ra4 43.Kf3 Rb4
44.Ra2 Rc4 45.Rb2 Ra4 46.Rd2 Rb4 47.g3 Ra4 48.Rb2 Rc4 49.Ra2 Rb4 50.Rd2 Ra4
51.e4 Rb4 52.Ra2 Rb3+ 53.Kf4 Rb4 54.Ra7 Rb2 55.Kf3 Rb3+ 56.Kf4 Rb2 57.Kf3 Rb3+
58.Kg2 Kf6 59.Ra2 Rc3 60.Rb2 Ra3 61.Rd2 Rb3 62.Ra2 Rc3 63.h4 Rb3 64.Rc2 Ra3
65.Rb2 Rc3 66.Ra2 Rb3 67.f3 Rc3 68.Rb2 Ra3 69.Rc2 Rb3 70.Ra2 Rc3 71.Kf2 Rb3
72.Rc2 Ra3 73.Rb2 Rc3 74.Ra2 Rb3 75.Ke2 Rc3 76.Rb2 Ra3 77.Rc2 Rb3 78.Rd2 Ra3
79.Rd3 Ra4 80.Ke3 Rb4 81.Ra3 Rc4 82.Ra6+ Ke7 83.Ra7+ Kf6 84.Ra6+ Ke7 85.e5 Rc3+
86.Kf4 Rc4+ 87.Kg5 Rc3 88.Ra7+ Kf8 89.Kf4 Rc4+ 90.Ke3 Rb4 91.Rd7 Ra4 92.Rb7 Rc4
93.Ra7 Rb4 94.Rd7 Ra4 95.Rd4 Ra5 96.Kf4 Ke7 97.Rb4 Ra3 98.Ke4 Rc3 99.Kf4 Rc1
100.Rb7+ Ke6 101.Rb6+ Ke7 102.Rb3 Re1 103.Re3 Rg1 104.Ra3 Re1 105.Ra7+ Ke6
106.Ra6+ Ke7 107.g4 hxg4 108.fxg4 Re2 109.Ra7+ Kf8 110.h5 gxh5 111.gxh5 Kg7
112.Kf5 Rf2+ 113.Ke4 Kh6 114.Kd5  1/2-1/2

[Event "8th Amplico AIG Life Rapid"]
[Site "Warsaw POL"]
[Date "2008.12.20"]
[Round "6"]
[White "Vitiugov,N"]
[Black "Deszczynski,A"]
[Result "1-0"]
[WhiteElo "2638"]
[BlackElo "2352"]

1.d4 Nf6 2.Bg5 Ne4 3.Bf4 e6 4.f3 Bd6 5.Bxd6 Nxd6 6.e4 f5 7.e5 Nf7 8.f4 d5
9.Nf3 O-O 10.Bd3 b6 11.c3 Ba6 12.Bc2 g5 13.g4 fxg4 14.Nxg5 Nxg5 15.Qxg4 Kh8
16.fxg5 Qe7 17.Nd2 c5 18.O-O-O cxd4 19.cxd4 Nc6 20.a3 Rac8 21.Kb1 Rf2 22.Qh4 Rcf8
23.Rhg1 Be2 24.Rc1 R8f4 25.Qh6 Qg7 26.Qxe6 Nxd4 27.Qxd5 Bh5 28.Ne4 Nxc2 29.Nf6 Nxa3+
30.bxa3 Bg6+ 31.Ka1 Qf8 32.Rg3 Ra4 33.Qb3 Ra5 34.e6 Rxg5 35.Rxg5 Qxf6+ 36.Qc3 Qxc3+
37.Rxc3 Re2 38.Rc7 Rxe6 39.Rxa7 Re1+ 40.Kb2 Re2+ 41.Kc3 Rxh2 42.Rd5 Rc2+
43.Kb4 Rb2+ 44.Kc3 Rc2+ 45.Kd4 Rd2+ 46.Ke5 Re2+ 47.Kd6 Re8 48.Kc7 Kg7 49.Kxb6+ Kf6
50.a4 Be4 51.Rd6+ Ke5 52.Rdd7 Re6+ 53.Kc5 Rc6+ 54.Kb5 Rh6 55.Re7+ Kf4 56.Rac7 Rh5+
57.Kb4 Re5 58.Rxe5 Kxe5 59.Re7+  1-0

[Event "8th Amplico AIG Life Rapid"]
[Site "Warsaw POL"]
[Date "2008.12.21"]
[Round "13"]
[White "Vitiugov,N"]
[Black "Wojtaszek,R"]
[Result "1/2-1/2"]
[WhiteElo "2638"]
[BlackElo "2599"]

1.d4 Nf6 2.Bg5 Ne4 3.Bf4 d5 4.f3 Nd6 5.Nc3 c6 6.e4 e6 7.Bd3 Be7 8.Nge2 b6
9.O-O Ba6 10.Ng3 Bxd3 11.Qxd3 O-O 12.e5 Ne8 13.Nce2 f6 14.exf6 Bxf6 15.Rae1 Nd7
16.Qe3 Qe7 17.Nh5 c5 18.Nxf6+ Nexf6 19.Ng3 cxd4 20.Qxd4 Rfe8 21.Re2 Qc5 22.Be3 Qxd4
23.Bxd4 e5 24.Bf2 g6 25.Rd2 Nc5 26.Ne2 g5 27.h4 h6 28.Ng3 Kf7 29.Nf5 Kg6
30.g4 Rad8 31.Rfd1 e4 32.h5+ Nxh5 33.Bxc5 bxc5 34.Rh2 Nf6 35.Rxh6+ Kf7 36.Re1 Rh8
37.Kg2 Rxh6 38.Nxh6+ Ke6 39.Kg3 Rh8 40.Nf5 Ke5 41.b3  1/2-1/2

[Event "Masters"]
[Site "Berkeley USA"]
[Date "2008.12.22"]
[Round "9"]
[White "Rensch,D"]
[Black "Kustar,S"]
[Result "1-0"]
[WhiteElo "2354"]
[BlackElo "2356"]

1.d4 Nf6 2.Bg5 Ne4 3.Bf4 d5 4.e3 e6 5.Bd3 b6 6.f3 Nf6 7.g4 Bd6 8.Ne2 Nc6
9.c3 Bb7 10.Ng3 e5 11.dxe5 Nxe5 12.Bb5+ c6 13.Be2 g6 14.Nd2 Qe7 15.Qa4 h5
16.gxh5 Nxh5 17.Nxh5 Rxh5 18.O-O-O Rh4 19.Qc2 O-O-O 20.Rhg1 Rh5 21.Bg3 Nd7
22.f4 Rhh8 23.e4 f5 24.e5 Bc5 25.Rge1 Nf8 26.Nf3 Be3+ 27.Kb1 Ne6 28.Nd4 Bxd4
29.cxd4 Kb8 30.Bf3 Qb4 31.a3 Qc4 32.Qf2 c5 33.dxc5 bxc5 34.Be2 Qa4 35.Bd3 d4
36.Rc1 Bd5 37.Qe2 Rh7 38.Bb5 Qa5 39.Bc4 Rb7 40.Qd3 Bxc4 41.Rxc4 Ka8 42.Re2 Qb5
43.Ka2 Rdb8 44.Qc2 Qc6 45.Qa4 Qd5 46.Rc2 Rb6 47.Ka1 Rb3 48.Qa6 R3b6 49.Qa4 Qb7
50.b4 cxb4 51.Rxb4 Rxb4 52.axb4 Qxb4 53.Qc6+ Qb7 54.Bf2 d3 55.Ra2  1-0

[Event "Czech Christmas"]
[Site "Litomysl CZE"]
[Date "2008.12.28"]
[Round "4"]
[White "Sabol,M"]
[Black "Chojnacki,K"]
[Result "1/2-1/2"]
[WhiteElo "2354"]
[BlackElo "2426"]

1.d4 Nf6 2.Bg5 Ne4 3.Bh4 c5 4.f3 g5 5.fxe4 gxh4 6.e3 Bh6 7.Qd3 Qb6 8.b3 Nc6
9.c3 c4 10.Qxc4 Bxe3 11.Nf3 h3 12.g3 d6 13.Qd3 Bh6 14.d5 Nb8 15.Qb5+ Nd7
16.Qxb6 axb6 17.Bxh3 Nf6 18.Bxc8 Rxc8 19.a4 Nxe4 20.c4 e6 21.dxe6 fxe6 22.Nbd2 Nxd2
23.Nxd2 d5 24.Ke2 Ke7 25.Rac1 Kd6 26.Rhf1 Rhf8 27.cxd5 Rxc1 28.Rxc1 exd5
29.Rf1 Rxf1 30.Nxf1 Kc5 31.Kd3 Kb4 32.Kc2 d4 33.h4 d3+ 34.Kxd3 Kxb3 35.g4 Kxa4
36.g5 Bg7 37.Kc2  1/2-1/2

[Event "Australian Open"]
[Site "Manly Sydney AUS"]
[Date "2009.01.02"]
[Round "1"]
[White "Smirnov,Vl1"]
[Black "Lilly,R"]
[Result "1-0"]
[WhiteElo "2372"]
[BlackElo "1915"]

1.d4 Nf6 2.Bg5 Ne4 3.Bh4 g6 4.f3 Nf6 5.e4 d6 6.Nc3 Nbd7 7.Bc4 Nb6 8.Bb3 Be6
9.Bxe6 fxe6 10.Qd3 Bg7 11.Nge2 O-O 12.O-O Rc8 13.a4 c5 14.a5 Nbd7 15.Nf4 Kf7
16.Nxe6 Kxe6 17.Qc4+ d5 18.Nxd5 cxd4 19.Nf4+ Ke5 20.Qe6+ Kxf4 21.g3+ Ke3
22.Bg5+  1-0

[Event "38th Rilton Cup 2008-9"]
[Site "Stockholm SWE"]
[Date "2009.01.04"]
[Round "8"]
[White "Hammar,U"]
[Black "Kolbus,D"]
[Result "1/2-1/2"]
[WhiteElo "2197"]
[BlackElo "2414"]

1.d4 Nf6 2.Bg5 Ne4 3.Bf4 c5 4.f3 Qa5+ 5.c3 Nf6 6.Nd2 cxd4 7.Nb3 Qd8 8.cxd4 e6
9.e4 Nc6 10.Ne2 d5 11.Nc3 Be7 12.Bd3 Nh5 13.Be3 Nb4 14.Bb1 Bg5 15.Bxg5 Qxg5
16.Qd2 Qxd2+ 17.Kxd2 dxe4 18.fxe4 O-O 19.e5 Nf4 20.g3 Nfd5 21.a3 Nxc3 22.bxc3 Nd5
23.Be4 Rd8 24.Rhf1 Rb8 25.Na5 Ne7 26.Nc4 b6 27.Nd6 Rf8 28.Bd3 Bd7 29.Rf2 Nc8
30.Ne4 h6 31.Raf1 Bc6 32.g4 Bxe4 33.Bxe4 Ne7 34.h4 g6 35.h5 g5 36.Rf6 Kg7
37.c4 Rbd8 38.Kc3 Ng8 39.R6f2 Ne7 40.a4 Rc8 41.Kd3 Rcd8 42.a5 Rd7 43.axb6 axb6
44.Kc3 Rc7 45.Kb4 Rd7 46.Rd2 Rfd8 47.Rfd1 f6 48.exf6+ Kxf6 49.Bg2 Kg7 50.Be4 Nc8
51.d5 Ne7 52.Rd3 exd5 53.cxd5 Rd6 54.Bg2 Ng8 55.Re3 Nf6 56.Re7+ Kf8 57.Rb7 Nxg4
58.Rf1+ Kg8 59.Rff7 Nf6 60.Rg7+ Kh8 61.Bf3 Re8 62.Rg6 Nxd5+ 63.Bxd5 Rxd5
64.Rxh6+ Kg8 65.Rg6+ Kh8  1/2-1/2

[Event "6th ch-Mediterranean"]
[Site "Antalya TUR"]
[Date "2009.01.13"]
[Round "4"]
[White "Lebel Arias,J"]
[Black "Makropoulou,M"]
[Result "0-1"]
[WhiteElo "1997"]
[BlackElo "2262"]

1.d4 Nf6 2.Bg5 Ne4 3.Bf4 c5 4.f3 Qa5+ 5.c3 Nf6 6.d5 d6 7.e4 g6 8.a4 Bg7 9.Nd2 O-O
10.Nc4 Qd8 11.Qd2 Nbd7 12.g4 Ne5 13.Bxe5 dxe5 14.h3 Ne8 15.Ne2 e6 16.O-O-O exd5
17.exd5 Bd7 18.Qc2 Qf6 19.Bg2 Qa6 20.b3 b5 21.axb5 Bxb5 22.Qe4 Nd6 23.Nxd6 Bxe2
24.Nc4 Bxd1 25.Kxd1 Rab8 26.Qc2 Rfd8 27.f4 exf4 28.g5 Qb7 29.Nd2 Rxd5 30.Bxd5 Qxd5
31.Rf1 Qxg5 32.Qe4 Bxc3 33.Nc4 Bg7 34.Rxf4 Qg1+ 35.Ke2 Qh2+ 36.Rf2 Qc7 37.Rf3 Rd8
38.Kf1 Qh2 39.Ne3 Qe5 40.Qb7 f5 41.Qa6 Qa1+  0-1

[Event "6th ch-Mediterranean"]
[Site "Antalya TUR"]
[Date "2009.01.14"]
[Round "6"]
[White "Abdel Razik,K"]
[Black "Makropoulou,M"]
[Result "1/2-1/2"]
[WhiteElo "2429"]
[BlackElo "2262"]

1.d4 Nf6 2.Bg5 Ne4 3.Bf4 c5 4.d5 Qb6 5.Bc1 e6 6.f3 Nf6 7.c4 exd5 8.cxd5 c4
9.Nc3 Bc5 10.e3 O-O 11.Kf2 Re8 12.Qe2 Na6 13.Na4 Qd6 14.Nxc5 Nxc5 15.Qxc4 Nxd5
16.Qd4 Ne6 17.Qd3 Qc5 18.Qc4 Qd6 19.Nh3 b6 20.e4 Nf6 21.Qd3 Qe5 22.Qc3 Qh5
23.Nf4 Nxf4 24.Bxf4 Bb7 25.Bd3 Rac8 26.Qd4 d5 27.e5 Nd7 28.g4 Qh4+ 29.Bg3 Qe7
30.Rhe1 Nc5 31.Bf5 Ne6 32.Qd3 g6 33.Bxe6 fxe6 34.Rac1 Rc5 35.Kg2 Rf8 36.Rxc5 bxc5
37.Rf1 d4 38.h4 Qd7 39.h5 gxh5 40.Kh3 hxg4+ 41.fxg4 Rxf1 42.Qxf1 d3 43.Bf4 d2
44.Bh6 Qd8 45.Qd1 Qd3+ 46.Kh4 Bf3 47.Qxd2 Qxd2 48.Bxd2 c4  1/2-1/2

[Event "Bela Perenyi Mem"]
[Site "Budapest HUN"]
[Date "2009.01.15"]
[Round "7"]
[White "Suto,G"]
[Black "Burghardt,J"]
[Result "1-0"]
[WhiteElo "2257"]
[BlackElo "2130"]

1.d4 Nf6 2.Bg5 Ne4 3.Bf4 d6 4.f3 Nf6 5.e4 g6 6.Nc3 Bg7 7.Qd2 h6 8.Bc4 c6
9.Bb3 b5 10.Nge2 a5 11.a4 b4 12.Nd1 Ba6 13.O-O O-O 14.Re1 Kh7 15.Nf2 Nbd7
16.Ng3 Nb6 17.Rad1 Nc4 18.Qc1 Qb6 19.Bxc4 Bxc4 20.b3 Ba6 21.Be3 Rac8 22.h4 Qb8
23.f4 e6 24.c4 bxc3 25.Qxc3 Qb4 26.Qxb4 axb4 27.Rc1 Rc7 28.Rc2 Rfc8 29.Rec1 Nd7
30.e5 d5 31.Bd2 Bf8 32.Nf1 c5 33.Bxb4 Rb7 34.Bxc5 Nxc5 35.dxc5 Rxb3 36.Nd2 Rb4
37.g3 Rxa4 38.Ng4 Be7 39.Nf6+ Bxf6 40.exf6 g5 41.hxg5 hxg5 42.fxg5 Kg6 43.Nf3 Re4
44.Kf2 d4 45.Rd2 d3 46.c6 Kf5 47.Rc5+ e5 48.c7 Re8 49.Ra2 Rc4 50.Rxc4 Bxc4
51.Ra5 Ke4 52.Rxe5+  1-0